000 00656cam a2200229 4500500
005 20260329002653.0
041 _afre
042 _adc
100 1 0 _aEltchaninoff, Michel
_eauthor
245 0 0 _aAndré Comte-Sponville / Ovidie. Dialogue sous X
260 _c2013.
500 _a2
690 _aAndré Comte-Sponville
690 _aÉrotisme
690 _aGenre
690 _aMorale
690 _aOvidie
690 _aPorno
690 _aSexe
786 0 _nPhilosophie magazine | 67 | 3 | 2013-03-01 | p. 35-38 | 1951-1787
856 4 1 _uhttps://shs.cairn.info/magazine-philosophie-magazine-2013-3-page-35?lang=fr&redirect-ssocas=7080
999 _c1817251
_d1817251